Giải đúng và nhanh trắc nghiệm hóa học 12
Gồm kiến thức cơ bản, luyện giải trắc nghiệm và đáp án hóa học 12
שמור ב:
| מחבר ראשי: | |
|---|---|
| פורמט: | ספר |
| שפה: | Undetermined |
| יצא לאור: |
Hà Nội
Giáo dục Việt Nam
2008
|
| נושאים: | |
| תגים: |
הוספת תג
אין תגיות, היה/י הראשונ/ה לתייג את הרשומה!
|
| Thư viện lưu trữ: | Trung tâm Học liệu Trường Đại học Cần Thơ |
|---|
| LEADER | 00756nam a2200217Ia 4500 | ||
|---|---|---|---|
| 001 | CTU_197120 | ||
| 008 | 210402s9999 xx 000 0 und d | ||
| 020 | |c 19000 | ||
| 082 | |a 540.76 | ||
| 082 | |b H513 | ||
| 100 | |a Nguyễn, Văn Hùng | ||
| 245 | 0 | |a Giải đúng và nhanh trắc nghiệm hóa học 12 | |
| 245 | 0 | |c Nguyễn Văn Hùng | |
| 260 | |a Hà Nội | ||
| 260 | |b Giáo dục Việt Nam | ||
| 260 | |c 2008 | ||
| 520 | |a Gồm kiến thức cơ bản, luyện giải trắc nghiệm và đáp án hóa học 12 | ||
| 650 | |a Chemistry,Hóa học | ||
| 650 | |x Problems, exercises, etc.,Câu hỏi, bài tập | ||
| 904 | |i Bằng | ||
| 980 | |a Trung tâm Học liệu Trường Đại học Cần Thơ | ||